Practical civil engineering / P.K. Jayasree, K. Balan, and V, Rani. (Record no. 22176)

000 -LEADER
fixed length control field 00563nam a22001817a 4500
020 ## - INTERNATIONAL STANDARD BOOK NUMBER
ISBN 9780429094811
082 ## - DEWEY DECIMAL CLASSIFICATION NUMBER
Classification number 624
Item number J39 2021
100 ## - MAIN ENTRY--AUTHOR NAME
Personal name Jayasree, P.K., author
245 ## - TITLE STATEMENT
Title Practical civil engineering / P.K. Jayasree, K. Balan, and V, Rani.
250 ## - EDITION STATEMENT
Edition statement 1st edition.
260 ## - PUBLICATION, DISTRIBUTION, ETC. (IMPRINT)
Place of publication Boca Raton :
Name of publisher CPC Press,
Year of publication c2021.
300 ## - PHYSICAL DESCRIPTION
Number of Pages 1 online resource, xxxvii, 1613 pages :
Other physical details illustrations.
500 ## - GENERAL NOTE
General note Includes bibliographical references and indexes.
650 ## - SUBJECT ADDED ENTRY--TOPICAL TERM
Topical Term Civil Engineering .
700 ## - ADDED ENTRY--PERSONAL NAME
Personal name Balan, K.
700 ## - ADDED ENTRY--PERSONAL NAME
Personal name Rani, V.
942 ## - ADDED ENTRY ELEMENTS (KOHA)
Koha item type Electronic Books
Holdings
Source of acquisition Permanent Location Date acquired Collection code Koha item type Lost status Shelving location Withdrawn status Current Location Full call number
DonationCagayan State University - Carig Library2026-04-16E-BooksElectronic Books E-Resource Section Cagayan State University - Carig Library624 J39 2021

Cagayan State University University Library, Carig Campus
Tuguegarao City, Cagayan 3500 | www.csucarig.edu.ph

Powered by Koha